Chế Lan Viên thơ chọn lọc

Đã lưu trong:
書目詳細資料
格式: 圖書
語言:Undetermined
出版: Hà Nội Giáo dục Việt Nam 2014
主題:
標簽: 添加標簽
沒有標簽, 成為第一個標記此記錄!
Thư viện lưu trữ: Trung tâm Học liệu Trường Đại học Cần Thơ
LEADER 00625nam a2200193Ia 4500
001 CTU_229039
008 210402s9999 xx 000 0 und d
020 |c 32000 
082 |a 895.9221009 
082 |b Ch250 
245 0 |a Chế Lan Viên thơ chọn lọc 
245 0 |c Dương Phong tuyển chọn 
260 |a Hà Nội 
260 |b Giáo dục Việt Nam 
260 |c 2014 
650 |a Vietnamese literature,Vietnamese poetry,Văn học Việt Nam 
650 |x History and criticism,Lịch sử và phê bình 
904 |i Hải 
980 |a Trung tâm Học liệu Trường Đại học Cần Thơ